000 00599nam a2200205Ia 4500
005 20250923150053.0
008 008 250917s9999 xx 000 0 eng d
037 _aTextual
040 _aDSWL
_beng
_cDSWL
041 _aeng
_2eng
084 _aL:4236:5x, P00
_qDSWL
245 0 _aWorking with familesin the era of HIV/AIDS
_c Ed.by W.Peqvegnat
260 _aThousand Oaks
_b Sage Publications
_c2000
300 _a328p.
365 _aINR
_b1443.59
700 _a J Szapocznik
_9841896
925 _g1443.59
942 _cTEXL
_hL:4236:5x, P00
999 _c1459226
_d1459226